MDQL
is popping MORE tags! Check the
thread
!
Quizzes
Events
Quiz Creation
Community
Videos
Private Events
Remove Ads
Sign In
Join for FREE
Feedback
Dark Mode
Quiz Categories
Sports
Geography
Music
Movies
Television
Just For Fun
Miscellaneous
History
Literature
Language
Science
Gaming
Entertainment
Religion
Holiday
For Kids
Quiz Lab
Recent
Popular Today
Quiz Kudos Today
Editor Picks
Curator Picks
Quizzes by...
Day
Popularity
Type
Ratings
Length
Year
Community
Subscriptions
Recent Discussions
Orange Saloon
Badges
Playlists
Quests
Create
Leaderboards
Showdown
Live 5
Trivia Bingo
Activity
Puzzle Library
Sporcle Events
Private Events
Virtual Trivia
Globe League
Become a Host
Pub Owners
SporcleCon
Opinionation
Our Games
Videos
Blog
Mobile Apps
Partnerships
Remove Ads and Go Orange
Feedback
Television
TV Characters
TV Show
Sitcom
Network
Friends
Reality Shows
Cast
South Park
Star Trek
The Simpsons
Doctor Who
Television
TV Characters
TV Show
Sitcom
Network
Friends
Reality Shows
Cast
South Park
Star Trek
The Simpsons
Doctor Who
Random Quiz
Search Sporcle
×
Quiz Lab
Quiz Lab
Television
episode
Type in answers that appear in a list
Type in answers that appear in a list
Classic
Best Score? Go Orange.
Friday the 13th The Series, episodes Stats
Can you name the Friday the 13th the series episodes?
By
tigerman22
20m
72 Questions
58 Plays
58 Plays
58 Plays
Comments
Comments
Give Quiz Kudos
Give Quiz Kudos
-
- Ratings
hide this ad
Replay
Link that replays current quiz
Next Quiz
Link to next quiz in quiz playlist
You Got
0%
They Got
Avg Score
62%
Avg Friend Score
Upgrade to see
Score Distribution
Jump to the score distribution portion of the page
Score
0/72
Timer
20:00
0
Plays Today
% Correct
Helloween
91.4%
The Root Of All Evil
81%
The Quilt Of Hathor
81%
The Playhouse
81%
The Inheritance
79.3%
Scarecrow
79.3%
Tails I Live, Heads You Die
75.9%
The Poison Pen
74.1%
The Quilt Of Hathor, The Awakening
74.1%
Cupid's Quiver
72.4%
Doctor Jack
72.4%
And Now The News
72.4%
The Prophecies, Part 1
72.4%
The Prophecies, Part 2
72.4%
The Electrocutioner
70.7%
Bad Penny
70.7%
A Cup Of Time
69%
Tattoo
69%
Brain Drain
69%
The Sweetest Sting
69%
Scarlet Cinema
69%
Demon Hunter
69%
Crippled Inside
69%
Hate On Your Dial
69%
Vanity's Mirror
67.2%
Double Exposure
67.2%
The Voodoo Mambo
67.2%
Eye Of Death
67.2%
Wedding In Black
67.2%
My Wife As A Dog
67.2%
What A Mother Wouldn't Do
65.5%
Bottle Of Dreams
65.5%
Doorway To Hell
65.5%
13 O'Clock
65.5%
Mesmer's Bauble
65.5%
Tales Of The Undead
63.8%
% Correct
Pirate's Promise
63.8%
Night Hunger
63.8%
Wedding Bell Blues
63.8%
Coven Of Darkness
63.8%
The Tree Of Life
63.8%
Shadow Boxer
62.1%
The Baron's Bride
62.1%
Year Of The Monkey
62.1%
Bedazzled
60.3%
Repetition
60.3%
Stick It In Your Ear
58.6%
The Long Road Home
58.6%
The Mephisto Ring
56.9%
Night Prey
56.9%
Midnight Riders
56.9%
Jack-In-The-Box
56.9%
The Charnel Pit
56.9%
Wax Magic
55.2%
The Spirit Of Television
55.2%
The Great Montarro
53.4%
Better Off Dead
53.4%
The Butcher
53.4%
The Prisoner
53.4%
Epitaph For A Lonely Soul
51.7%
Face Of Evil
50%
Pipe Dream
48.3%
Symphony In B#
48.3%
The Shaman's Apprentice
48.3%
Read My Lips
46.6%
Femme Fatale
46.6%
Faith Healer
44.8%
Master Of Disguise
44.8%
Badge Of Honor
43.1%
The Maestro
43.1%
A Friend To The End
39.7%
Mightier Than The Sword
27.6%
Quiz Playlist
Details
Report
Send in Message
Add To Playlist
Classic:
Type in answers that appear in a list
Last Updated: Feb 16, 2017
Quiz Scoreboard
CHALLENGE
Sign Up to Join the Scoreboard
Show All
Scores
Hide
Comments
May contain spoilers
Recently Published
Street Fighter Characters
by Artimus82
Gaming
60s
9x9 Crossword: Cartoon Network
by jackfrog10
Miscellaneous
3m
College Basketball Coaching Resumes
by pancakes188
Sports
9m
More to Explore
Quiz From the Vault
Featured Blog Post
Where Did the Easter Bunny Come From?
hide this ad
You Might Also Like...
Tags
episode
Friday the 13th
Today's Top Quizzes in Television
Browse Television
hide this ad
Today's Top Quizzes in episode
Browse episode
Top Contributed Quizzes in Television
1
5-to-1: The Simpsons Families
2
Adjectives in 80s TV Shows
3
Adjectives in 00s TV Shows
4
Survivor Journey Challenge
5
5-to-1: Television Doctors
6
7-to-1: TV Show Settings
7
Adjectives in 10s TV Shows
8
5-to-1: Streaming Originals
9
Survivor Seasons
10
Adjectives in 70s TV Shows
Explore More
Trending Topics
Anime
Kpop
Harry Potter
Marvel
NBA
Disney
Crossword
Soccer
WWE
Song
Pokémon
Country
Puzzle
The Office
NFL
hide this ad
More By:
tigerman22
Quiz
Plays
Rating
Category
Featured
Created
TV Shows by Dad
46,949
4.38
Television
Jun 17, 2012
Drake and Josh Episodes
1,575
4.00
Television
Aug 22, 2014
Power Ranger Series By Red Ranger
939
3.00
Television
Nov 15, 2016
Willy Wonka and the Chocolate Factory quiz
883
2.00
Movies
May 25, 2012
Goosebumps Episodes
719
5.00
Television
Aug 23, 2014
Go to Creator's Profile
Score Distribution
Quiz Creator Spotlight
tigerman22
Follow
Send a Message
Quizzes Created
-
Created Quiz Play Count
-
More By This Creator
Popular Quizzes Today
1
Find the US States - No Outlines Minefield
2
Find the Countries of Europe - No Outlines Minefield
3
The Countries of the World
4
Find the US States
5
Risky Map Clicking: Biggest States A-Z
6
US States
7
Popular People in 1961
8
Movies - When Are They Set?
More Television Quizzes
P.O.O.P.
Curator's Pick
Trending Quizzes
Risky Map Clicking: Least Populous States A-Z
Billboard Blitz: Aretha Franklin
Famous Russians: Author or Composer?
1-10 Letter G Words
Countries of the World: 200 Million BC
Recently Updated
Leaping Animals
pecheneg
Reality TV Shows (A-Z)
bhenderson79
Rickey Henderson's Hall of Fame Teammates
pecheneg
Champions League XIs: Arsenal
pecheneg
Quick Pick: Celebrities in WWE's Hall of Fame
aduchscher
A-Z Keypad Blitz II
pecheneg
Multiple Oscar Actors
pecheneg
Mystery Phrase Blitz: Oscar 'Best Actors'
pecheneg
F. Scott Fitzgerald Novels
LTH
Pick 3 Villains
ddd62291
Trending Topics
Harry Potter
NBA
Crossword
Kpop
Marvel
Anime
Disney
Puzzle
Pokémon
NFL
Country
Song
Soccer
The Office
WWE
Your Account Isn't Verified!
In order to create a playlist on Sporcle, you need to verify the email address you used during registration. Go to your
Sporcle Settings
to finish the process.
Report this User
Report this user for behavior that violates our
Community Guidelines
.
Details:
Send Report
Go to the Sporcle.com Mobile Site →
Comments